| 000 | 00370nam a2200145 a 4500 | ||
|---|---|---|---|
| 001 | 1174 | ||
| 003 | CDMR | ||
| 005 | 20130708120654.0 | ||
| 008 | 130130s1957||||||||||||||||||||||||||||d | ||
| 040 |
_aCDMR _bcat _cCPC GIRONA |
||
| 100 | 1 |
_aAcevedo, Evaristo _9278 |
|
| 245 | 1 | 0 |
_aEnciclopedia del despiste nacional _cAcevedo, Evaristo |
| 260 |
_c1957 _bTaurus |
||
| 942 |
_cMON _2udc |
||
| 999 |
_c1174 _d1174 |
||